[Event "ESP-ch Rapid 2018"]
[Site "Linares"]
[Date "2018.08.19"]
[Round "4"]
[White "Ljubojevic, Ljubomir"]
[Black "Salgado Lopez, Ivan"]
[Result "1/2-1/2"]
[WhiteElo "2571"]
[BlackElo "2643"]
[Annotator "TA"]
[EventDate "2018.08.19"]
[PlyCount "65"]
[EventType "team-tourn"]
[EventCountry "ESP"]

1. d4 Nf6 2. c4 e6 3. Nf3 d5 4. Nc3 c6 5. e3 Nbd7 6. Qc2 b6 7. b3 Bb7 8.
Bb2 Be7 9. Be2 O-O 10. O-O Rc8 11. Rfd1 Qc7 12. Rac1 Rfe8 13. h3 h6 $146
14. Qb1 Qb8 15. e4 dxe4 16. Nxe4 c5 17. Nxf6+ Nxf6 18. dxc5 Bxc5 19. Be5
Qa8 $1 20. b4 Be7 21. Qb2 Red8 22. a3 Bc6 23. Rd4 Rxd4 24. Bxd4 Rd8 25. b5
Bb7 26. c5 bxc5 27. Bxc5 Bxc5 28. Rxc5 Qb8 29. Qe5 Qxe5 30. Nxe5 Nd5 31.
Bf3 Kf8 32. Nc6 Rc8 33. Bxd5 1/2-1/2

[Event "ESP-ch Rapid 2018"]
[Site "Linares"]
[Date "2018.08.19"]
[Round "4"]
[White "Ibarra Jerez, Jose Carlos"]
[Black "Fernandez Garcia, Jose Miguel"]
[Result "1/2-1/2"]
[WhiteElo "2570"]
[BlackElo "2404"]
[Annotator "TA"]
[EventDate "2018.08.19"]
[PlyCount "50"]
[EventType "team-tourn"]
[EventCountry "ESP"]

1. e4 c5 2. Nf3 b6 3. d4 cxd4 4. Nxd4 Bb7 5. Nc3 g6 6. Bf4 Nc6 7. Nd5 Rc8
8. Nb5 d6 9. Qd2 a6 $146 10. Nbc3 e6 11. Ne3 $1 b5 12. O-O-O Nf6 13. f3 Qb6
14. Kb1 Be7 15. Bh6 Nd7 16. f4 Nc5 17. Bd3 Na5 18. b4 Nc4 19. Bxc4 bxc4 20.
Qd4 $36 Qxb4+ 21. Ka1 Rg8 22. Rb1 Qa5 23. Nxc4 Qc7 24. Rhd1 Nd7 25. Rd3 $2
Ba8 $2 1/2-1/2

[Event "ESP-ch Rapid 2018"]
[Site "Linares"]
[Date "2018.08.19"]
[Round "4"]
[White "Santos Ruiz, Miguel"]
[Black "De La Fuente Gonzalez, Francisco"]
[Result "1-0"]
[WhiteElo "2517"]
[BlackElo "2174"]
[Annotator "TA"]
[EventDate "2018.08.19"]
[PlyCount "41"]
[EventType "team-tourn"]
[EventCountry "ESP"]

1. c4 c5 2. Nf3 Nc6 3. Nc3 e5 4. e3 g6 5. d4 exd4 6. exd4 cxd4 7. Nxd4 Nf6
8. Ndb5 $1 d6 9. Bf4 $146 Ne5 10. c5 $1 $18 a6 11. Nxd6+ Bxd6 12. cxd6 Nc6
13. Be2 O-O 14. O-O Be6 $2 15. Bg5 Ne5 $2 16. Ne4 $1 Ned7 17. Rc1 Bf5 18.
Nxf6+ Nxf6 19. Rc7 b5 20. Qd4 Kg7 21. Re7 1-0

[Event "ESP-ch Rapid 2018"]
[Site "Linares"]
[Date "2018.08.19"]
[Round "4"]
[White "Arizmendi Martinez, Julen Luis"]
[Black "Espinosa Aranda, Angel"]
[Result "1/2-1/2"]
[WhiteElo "2507"]
[BlackElo "2451"]
[Annotator "TA"]
[EventDate "2018.08.19"]
[PlyCount "27"]
[EventType "team-tourn"]
[EventCountry "ESP"]

1. e4 c5 2. Nf3 d6 3. d4 cxd4 4. Nxd4 Nf6 5. Nc3 Nc6 6. Bg5 g6 7. Bxf6 exf6
8. Bb5 Bd7 9. Nde2 a6 10. Ba4 $16 Be6 $146 11. Nd4 Bd7 12. Nde2 Be6 $1 13.
Nd4 Bd7 $1 14. Nde2 1/2-1/2

[Event "ESP-ch Rapid 2018"]
[Site "Linares"]
[Date "2018.08.19"]
[Round "4"]
[White "Ladron De Guevara Pinto, Paolo"]
[Black "Dominguez Alcon, Victor"]
[Result "1-0"]
[WhiteElo "2424"]
[BlackElo "2172"]
[Annotator "TA"]
[EventDate "2018.08.19"]
[PlyCount "43"]
[EventType "team-tourn"]
[EventCountry "ESP"]

1. e4 c5 2. Nf3 d6 3. d4 cxd4 4. Nxd4 Nf6 5. Nc3 a6 6. h3 e5 7. Nde2 h5 8.
Bg5 Be7 9. Ng3 Nbd7 $146 10. Nf5 $16 Nc5 11. Nxg7+ $18 Kf8 12. Bxf6 $1 Bxf6
13. Nxh5 Bg5 14. Ng3 Be6 15. Be2 Qb6 16. Rb1 Bh4 17. Bg4 Bxg3 18. fxg3 Ke7
19. Rf1 Rh6 20. Qd2 Rg6 21. Bxe6 Kxe6 $2 22. Qd5+ 1-0

[Event "ESP-ch Rapid 2018"]
[Site "Linares"]
[Date "2018.08.19"]
[Round "4"]
[White "Tejedor Fuente, Enrique"]
[Black "Moreno Trujillo, Alejandro"]
[Result "0-1"]
[WhiteElo "2408"]
[BlackElo "2497"]
[Annotator "TA"]
[EventDate "2018.08.19"]
[PlyCount "126"]
[EventType "team-tourn"]
[EventCountry "ESP"]

1. e4 e6 2. d4 d5 3. Nd2 dxe4 4. Nxe4 Nd7 5. Nf3 Ngf6 6. Bd3 Nxe4 7. Bxe4
Nf6 8. Bg5 Qd6 9. Bxf6 gxf6 10. Qe2 Bd7 11. O-O-O O-O-O 12. Kb1 Kb8 13. d5
$146 Qb6 14. dxe6 Ba3 $1 15. c3 fxe6 16. Nd4 Bd6 17. Bd3 Be5 18. Bc4 Bc8
19. Qe3 Rd6 20. Nf3 Qxe3 21. fxe3 Rxd1+ 22. Rxd1 Bd6 23. Rd4 Bc5 24. Rf4 f5
25. e4 $1 e5 26. Nxe5 Bd6 $36 27. Nf7 Bxf4 28. Nxh8 Bxh2 29. exf5 Bxf5+ $15
30. Kc1 Bf4+ 31. Kd1 Be4 32. Ke2 Bxg2 33. Bd3 h5 34. Kf2 Bd5 35. Ng6 Bc1
36. b3 a5 37. Kg3 Bd2 38. c4 Be6 39. Be2 Be1+ 40. Kg2 h4 $1 $19 41. Nf4 Bf5
42. Bd3 Bg4 43. Be4 Ka7 44. Nd3 Bg3 45. a3 Bd6 46. c5 Be7 47. b4 a4 48. c6
$2 b6 49. Ne5 Be6 50. Nf3 Bf6 51. Bc2 b5 52. Nd2 h3+ 53. Kh1 Bb2 54. Ne4
Bxa3 55. Nc3 Kb6 56. Bd3 Bxb4 57. Nxb5 Bd5+ 58. Kh2 Bg2 59. Kg1 Bc5+ 60.
Kh2 Bd6+ 61. Nxd6 cxd6 62. Bg6 a3 63. Bb1 Kxc6 0-1

[Event "ESP-ch Rapid 2018"]
[Site "Linares"]
[Date "2018.08.19"]
[Round "4"]
[White "Pallardo Lozoya, Jose Vicente"]
[Black "Riquelme Valero, Manuel Damian"]
[Result "1/2-1/2"]
[WhiteElo "2382"]
[BlackElo "2150"]
[Annotator "TA"]
[EventDate "2018.08.19"]
[PlyCount "81"]
[EventType "team-tourn"]
[EventCountry "ESP"]

1. e4 c6 2. Nc3 d5 3. Nf3 dxe4 4. Nxe4 Nf6 5. Nxf6+ exf6 6. d4 Bd6 7. Be3
O-O 8. Qd2 Qc7 9. c4 $146 Re8 10. Be2 Nd7 11. c5 Bf8 12. Bf4 Qd8 13. O-O
Nxc5 $1 $17 14. dxc5 Qxd2 15. Bxd2 Rxe2 16. b4 Bg4 17. Be3 Bxf3 18. gxf3
Rb2 19. Rfb1 Rxb1+ 20. Rxb1 b5 21. a4 Rb8 22. axb5 Rxb5 23. Ra1 $1 g5 24.
Rxa7 Rxb4 25. Rc7 f5 26. Bxg5 Bxc5 27. Rxc6 Bd4 28. Rd6 Be5 29. Ra6 Bd4 30.
Ra5 f6 31. Be3 f4 32. Bxd4 Rxd4 $11 33. Ra7 Rd5 34. Ra4 Rf5 35. Kg2 Kg7 36.
Kh3 Kg6 37. Kg4 Rg5+ 38. Kxf4 Rg2 39. h4 Rxf2 40. Ra5 h5 41. Ke4 1/2-1/2

[Event "ESP-ch Rapid 2018"]
[Site "Linares"]
[Date "2018.08.19"]
[Round "4"]
[White "Matnadze, Ana"]
[Black "Llobell Cortell, Enrique"]
[Result "0-1"]
[WhiteElo "2378"]
[BlackElo "2411"]
[Annotator "TA"]
[EventDate "2018.08.19"]
[PlyCount "94"]
[EventType "team-tourn"]
[EventCountry "ESP"]

1. d4 Nf6 2. Nf3 d5 3. g3 Bf5 4. Bg2 e6 5. O-O Be7 6. c4 c6 7. Nc3 Nbd7 8.
Qb3 Qb6 9. c5 Qxb3 10. axb3 a6 11. b4 O-O 12. Nd2 e5 13. dxe5 Nxe5 14. Nb3
Rad8 15. Nd4 Bc8 16. h3 $146 Rfe8 17. g4 h6 18. Bf4 Bf8 19. Rfd1 g6 20. Bg3
Bg7 21. b3 Ne4 22. Nxe4 dxe4 $17 23. e3 Nd3 $36 24. Bxe4 Nb2 25. Rd2 Rxe4
26. Rxb2 Bxd4 27. exd4 Rexd4 28. Re1 Be6 29. Bd6 Rxb4 30. Re3 a5 31. Ra2
Rb5 32. Ra3 b6 33. Rc3 bxc5 34. Bxc5 Rd1+ 35. Kg2 Rb1 36. b4 Bd5+ 37. Kg3
$2 R1xb4 $2 38. Bxb4 $4 axb4 $19 39. Ra8+ Kg7 40. Rc2 c5 41. Rc8 c4 $1 42.
Kf4 c3 43. Rc1 b3 44. R8xc3 b2 45. Rb1 Ba2 46. Rxb2 Rxb2 47. Kg3 Rb3 0-1

[Event "ESP-ch Rapid 2018"]
[Site "Linares"]
[Date "2018.08.19"]
[Round "4"]
[White "Garcia Cuenca, Victor"]
[Black "Huerga Leache, Mikel"]
[Result "1-0"]
[WhiteElo "2351"]
[BlackElo "2451"]
[Annotator "TA"]
[EventDate "2018.08.19"]
[PlyCount "94"]
[EventType "team-tourn"]
[EventCountry "ESP"]

1. d4 Nf6 2. c4 c5 3. d5 b5 4. cxb5 a6 5. bxa6 g6 6. g3 d6 7. Bg2 Bg7 8.
Nf3 Nbd7 9. Nc3 Bxa6 10. Rb1 O-O 11. O-O Qa5 12. Qc2 Rfb8 13. Rd1 Qc7 14.
b3 Nb6 15. a4 $146 Qb7 16. e4 Ng4 17. h3 Ne5 18. Nxe5 Bxe5 19. Be3 Nd7 20.
Bf1 Bxf1 21. Kxf1 Bxc3 $1 22. Qxc3 Qb4 23. Qc2 $16 Nf6 24. f3 Nd7 25. Bd2
Qb7 26. Bc3 Qa6+ 27. Qe2 Rb7 28. Qxa6 Rxa6 29. a5 Ra8 30. b4 cxb4 31. Rxb4
Rc7 32. Rb3 Nc5 33. Ra3 Rb8 34. Bd4 Na6 35. Rc3 Rxc3 36. Bxc3 Rb3 37. Rc1
$1 f5 38. Ke2 fxe4 39. fxe4 Ra3 40. Be1 Ra4 41. Kf3 Nc5 42. e5 $1 Ra3+ 43.
Ke2 $1 Ra2+ 44. Kd1 Kf7 $2 45. Bc3 Ne4 46. e6+ $18 Kg8 47. Ba1 $4 Nf2+ 1-0

[Event "ESP-ch Rapid 2018"]
[Site "Linares"]
[Date "2018.08.19"]
[Round "4"]
[White "Estremera Panos, Sergio"]
[Black "Centron Antuna, Daniel"]
[Result "1/2-1/2"]
[WhiteElo "2337"]
[BlackElo "2231"]
[Annotator "TA"]
[EventDate "2018.08.19"]
[PlyCount "88"]
[EventType "team-tourn"]
[EventCountry "ESP"]

1. d4 f5 2. g3 Nf6 3. Bg2 g6 4. Nf3 Bg7 5. O-O O-O 6. c4 d6 7. Nc3 Nc6 8.
d5 Ne5 9. Qb3 Nxf3+ 10. Bxf3 Nd7 11. Bg2 Nc5 12. Qc2 e5 13. dxe6 Bxe6 14.
b3 c6 15. Bb2 Qe7 16. e3 Rae8 $146 17. Rad1 Bc8 18. Rd2 g5 19. Rfd1 Rd8 20.
Ne2 Ne4 21. Bxg7 Kxg7 22. Rd4 c5 23. R4d3 b6 24. Nc3 Bb7 25. Nd5 Qf7 26.
Qb2+ Kg6 27. f3 Nf6 28. Nxf6 Qxf6 29. Qd2 Rfe8 30. Rxd6 Rxd6 $11 31. Qxd6
Rxe3 32. Qb8 Qe7 $1 33. Qd6+ Kf7 34. Qxe7+ Kxe7 35. Kf2 f4 36. Rd2 a5 37.
gxf4 gxf4 38. Re2 Rxe2+ 39. Kxe2 $15 Kf6 40. Kd3 Ke5 41. Kc3 h5 42. h4 Bc6
43. a4 Bd7 44. Bf1 Bf5 1/2-1/2

[Event "ESP-ch Rapid 2018"]
[Site "Linares"]
[Date "2018.08.19"]
[Round "4"]
[White "Gavilan Diaz, Mario"]
[Black "Vazquez Pino, Miguel A"]
[Result "1-0"]
[WhiteElo "2334"]
[BlackElo "1909"]
[Annotator "TA"]
[EventDate "2018.08.19"]
[PlyCount "81"]
[EventType "team-tourn"]
[EventCountry "ESP"]

1. d4 Nf6 2. c4 e6 3. Nf3 b6 4. g3 Bb7 5. Bg2 d5 6. O-O Nbd7 7. cxd5 exd5
8. Nc3 Be7 9. Bf4 a6 10. Rc1 O-O 11. Ne5 h6 12. Qa4 $146 b5 $1 $14 13. Qc2
Nb6 14. Rfd1 Rc8 15. Bh3 Rb8 16. a4 b4 17. Nb1 $1 Bd6 18. Nd2 Re8 19. a5
Nbd7 20. Ndf3 Qe7 21. Qa4 Rbd8 22. Rc2 g5 23. Nxd7 Nxd7 24. Bxd6 $18 Qxd6
25. Rdc1 Nf6 26. Ne5 Re7 $2 27. Nc6 Rde8 28. Nxe7+ Rxe7 29. Rc6 $1 Bxc6 30.
Rxc6 Qd8 31. Rxf6 Rxe2 32. Rf3 Qe7 33. Qd7 Qxd7 34. Bxd7 Rxb2 35. Bc6 Kg7
$2 36. Bxd5 f6 37. Rb3 Ra2 38. Rxb4 Rxa5 39. Bc6 Ra1+ 40. Kg2 Rd1 41. d5
1-0

[Event "ESP-ch Rapid 2018"]
[Site "Linares"]
[Date "2018.08.19"]
[Round "4"]
[White "Domingo Nunez, Ruben"]
[Black "Suarez Uriel, Adrian"]
[Result "1/2-1/2"]
[WhiteElo "2318"]
[BlackElo "2391"]
[Annotator "TA"]
[EventDate "2018.08.19"]
[PlyCount "151"]
[EventType "team-tourn"]
[EventCountry "ESP"]

1. Nf3 Nf6 2. g3 g6 3. Bg2 Bg7 4. O-O O-O 5. d3 d5 6. Nbd2 c5 7. c4 Nc6 8.
Rb1 d4 9. a3 a5 $1 10. b3 Re8 $146 11. Ne1 Qc7 12. Nc2 b6 13. b4 axb4 14.
axb4 Bb7 $1 15. Nb3 Nd7 16. bxc5 bxc5 17. Na3 Reb8 18. Nb5 Qb6 19. Bf4 Nce5
20. Bxb7 Rxb7 21. Nd2 Qc6 22. Ra1 $36 Rxa1 23. Qxa1 Rb6 24. Qa5 h6 25. Ra1
f5 26. Qa8+ Qxa8 27. Rxa8+ Kf7 28. Nb3 $1 Nc6 29. Bc7 Rb7 30. Bd6 Na7 $1
$11 31. Rxa7 Rxa7 32. Nxa7 exd6 33. Nb5 Bf8 34. Na5 Nb6 35. Nb7 d5 36. cxd5
Nxd5 37. Kf1 Be7 38. Ke1 Ke6 39. Na5 Nf6 40. h3 Nd5 41. Nc4 g5 42. Kf1 h5
43. Nba3 h4 44. Kg2 hxg3 45. fxg3 Bd8 46. Nc2 Bc7 47. Kf3 Nb4 48. N2a3 Nc6
49. Kg2 g4 50. h4 Ne7 51. Nc2 f4 52. gxf4 Bxf4 53. e3 dxe3 54. N2xe3 Ng6
55. h5 Nh4+ 56. Kf2 g3+ 57. Kf1 Kf7 58. Ng2 Nxg2 59. Kxg2 Kf6 60. Kf3 Bc7
61. Ne3 Kg5 62. h6 Be5 63. h7 Kg6 64. Ng4 Bg7 65. Kxg3 Kxh7 66. Kf3 Kg6 67.
Ke4 Kf7 68. Kd5 Ke7 69. Ne5 Kd8 70. Ng6 Bd4 71. Nf4 Kd7 72. Ne6 Bg1 73.
Nxc5+ Kc7 74. Ne6+ Kd7 75. Nc5+ Kc7 76. Ke4 1/2-1/2

[Event "ESP-ch Rapid 2018"]
[Site "Linares"]
[Date "2018.08.19"]
[Round "4"]
[White "Calzetta Ruiz, Monica"]
[Black "Lianes Garcia, Marcos"]
[Result "0-1"]
[WhiteElo "2302"]
[BlackElo "2340"]
[Annotator "TA"]
[EventDate "2018.08.19"]
[PlyCount "42"]
[EventType "team-tourn"]
[EventCountry "ESP"]

1. e4 g6 2. d4 Bg7 3. Nc3 c5 4. Nf3 Qa5 5. d5 d6 6. Bd2 Nf6 7. Bd3 $146 O-O
8. O-O e6 9. e5 dxe5 $11 10. Nxe5 Qc7 11. Nb5 $2 Qxe5 $19 12. Bc3 Qxd5 13.
Nc7 Qc6 14. Nxa8 b6 15. Qf3 Qxf3 $1 16. gxf3 Bb7 17. Nc7 $17 Bxf3 18. a4 c4
$1 $19 19. Bxc4 Rc8 20. Na6 $2 Rxc4 21. Nxb8 Rg4# 0-1

[Event "ESP-ch Rapid 2018"]
[Site "Linares"]
[Date "2018.08.19"]
[Round "4"]
[White "Buendia Pinar, Alvaro"]
[Black "Arjol Lopez, Daniel"]
[Result "1-0"]
[WhiteElo "2278"]
[BlackElo "2137"]
[Annotator "TA"]
[EventDate "2018.08.19"]
[PlyCount "85"]
[EventType "team-tourn"]
[EventCountry "ESP"]

1. d4 Nf6 2. Nf3 e6 3. g3 c5 4. Bg2 d5 5. O-O Nc6 6. b3 cxd4 7. Nxd4 Bc5 8.
Bb2 Qb6 9. e3 Nxd4 10. exd4 Bb4 11. c3 Be7 12. Nd2 Bd7 13. c4 O-O $146 14.
c5 Qa6 15. a4 b6 16. b4 $36 Rfb8 17. b5 $18 Bxb5 18. axb5 Qxb5 19. Ba3 bxc5
20. Bxc5 Bxc5 $16 21. dxc5 Qxc5 22. Qc1 Qxc1 23. Rfxc1 Rb2 24. Rxa7 $1 Rab8
25. Nf1 d4 26. Rcc7 $18 d3 $2 27. Rxf7 d2 28. Rxg7+ Kh8 29. Bf3 Rb1 30.
Rgf7 Nd5 31. Rxh7+ Kg8 32. Rag7+ Kf8 33. Ra7 Kg8 34. Bg4 Re8 35. Kg2 Nf6
36. Rhg7+ Kh8 37. Ne3 Re1 38. Bf3 e5 39. Rgf7 e4 40. Bd1 Re6 41. Bb3 Rxe3
42. fxe3 Nd7 43. Raxd7 1-0

[Event "ESP-ch Rapid 2018"]
[Site "Linares"]
[Date "2018.08.19"]
[Round "4"]
[White "Tudela Corbalan, Carlos"]
[Black "Bento Iglesias, Pablo"]
[Result "0-1"]
[WhiteElo "2246"]
[BlackElo "2007"]
[Annotator "TA"]
[EventDate "2018.08.19"]
[PlyCount "62"]
[EventType "team-tourn"]
[EventCountry "ESP"]

1. c4 e6 2. b3 b6 3. Bb2 Bb7 4. d3 Nf6 5. Nd2 Be7 6. Ngf3 O-O 7. g3 c5 8.
Bg2 d6 9. O-O Nbd7 10. a3 Qc7 11. b4 cxb4 $146 12. axb4 d5 13. Ba3 a5 14.
Qb3 dxc4 15. Nxc4 Bd5 16. bxa5 Bxa3 17. Rxa3 bxa5 18. Rfa1 Rfb8 19. Qc3 $14
Bxc4 20. dxc4 Rb4 21. Nd2 $2 Ra7 22. e3 Qb6 23. Nb3 a4 24. c5 Qb8 25. c6 $2
Rxb3 $17 26. Rxb3 axb3 27. Rxa7 b2 $36 28. cxd7 b1=Q+ 29. Bf1 Q1b6 $1 30.
Qc8+ Qd8 31. Bb5 $2 Qbxc8 0-1

[Event "ESP-ch Rapid 2018"]
[Site "Linares"]
[Date "2018.08.19"]
[Round "4"]
[White "Orantes Taboada, Francisco"]
[Black "Garcia Garcia, Adrian Antonio"]
[Result "0-1"]
[WhiteElo "2242"]
[BlackElo "2179"]
[Annotator "TA"]
[EventDate "2018.08.19"]
[PlyCount "78"]
[EventType "team-tourn"]
[EventCountry "ESP"]

1. d4 f5 2. c4 Nf6 3. Nf3 g6 4. Nc3 Bg7 5. g3 O-O 6. Bg2 c6 7. O-O d6 8.
Qb3 Na6 9. c5+ d5 10. Bf4 $146 Nc7 11. Rfd1 Ne6 12. Be5 Ne4 13. Bxg7 Kxg7
14. Ne5 N4g5 15. Nxd5 cxd5 $11 16. Bxd5 Nc7 17. Bg2 $1 Ne4 18. d5 Rf6 19.
Rac1 $1 $16 Na6 20. Bxe4 $1 $18 fxe4 21. d6 exd6 22. cxd6 Rxd6 23. Qf7+ Kh8
24. Rxd6 Qxd6 25. Qf4 Kg7 26. Qxe4 Rb8 27. Nc4 Qf6 28. Rd1 Bf5 29. Qd5 Nc7
$2 30. Qc5 $11 Ne6 31. Qxa7 Rf8 32. Nd6 Bc2 33. Qxb7+ $2 Kh8 $19 34. Rf1
Nd4 $1 35. Nc4 $2 Nxe2+ 36. Kg2 Qe6 37. Qb5 Be4+ 38. f3 Rxf3 $2 39. Qb8+ $2
Rf8+ $1 0-1

[Event "ESP-ch Rapid 2018"]
[Site "Linares"]
[Date "2018.08.19"]
[Round "4"]
[White "Garcia Romero, Benjamin Abel"]
[Black "Meler Tevar, Sergio"]
[Result "1-0"]
[WhiteElo "2230"]
[BlackElo "1807"]
[Annotator "TA"]
[EventDate "2018.08.19"]
[PlyCount "71"]
[EventType "team-tourn"]
[EventCountry "ESP"]

1. e4 Nc6 2. Nf3 d6 3. d4 e5 4. Bb5 Bd7 5. Nc3 Be7 6. Bxc6 $1 $16 Bxc6 7.
dxe5 dxe5 8. Qxd8+ Rxd8 9. Nxe5 Bb4 10. Nxc6 Bxc3+ 11. bxc3 bxc6 12. f3 Ne7
$146 13. Be3 a6 14. Ke2 Nc8 15. Bc5 Nb6 16. Bxb6 cxb6 17. Rhb1 b5 18. a4
Ke7 19. axb5 $18 axb5 20. Ra6 Rc8 21. c4 Rhd8 $16 22. Ke3 bxc4 23. Rb4 c3
24. Rd4 c5 25. Rd3 c4 26. Rxc3 $18 Rd1 27. Ra4 Rcd8 28. Ra7+ Kf6 29. Ra6+
Ke7 30. Rxc4 R1d2 31. Rc7+ Ke8 $2 32. Raa7 Rxg2 33. Rxf7 Rc8 34. Rxg7 Rxg7
35. Rxg7 Rxc2 36. Rxh7 1-0

[Event "ESP-ch Rapid 2018"]
[Site "Linares"]
[Date "2018.08.19"]
[Round "4"]
[White "Beltran De Heredia E, Miguel"]
[Black "Gomez Sanjuan, Hector Fernando"]
[Result "1-0"]
[WhiteElo "2229"]
[BlackElo "2146"]
[Annotator "TA"]
[EventDate "2018.08.19"]
[PlyCount "53"]
[EventType "team-tourn"]
[EventCountry "ESP"]

1. e4 c5 2. Nf3 Nc6 3. Nc3 g6 4. d4 cxd4 5. Nxd4 Bg7 6. Be3 Nf6 7. Bc4 O-O
8. Bb3 d6 9. f3 Bd7 10. Qd2 Nxd4 11. Bxd4 b5 12. a4 bxa4 13. Bxa4 a5 14.
O-O Qc7 15. Kh1 $146 Rab8 16. Bxf6 $1 $16 exf6 17. Nd5 Qd8 18. Bxd7 Qxd7
19. b3 f5 20. Rxa5 fxe4 21. fxe4 Qe6 22. Ra4 Be5 23. h3 Rbc8 24. Ra7 $18
Rc5 $2 25. c4 Kg7 $2 26. Qf2 Rcc8 27. Re7 1-0

[Event "ESP-ch Rapid 2018"]
[Site "Linares"]
[Date "2018.08.19"]
[Round "4"]
[White "Sanchez Jimenez, Juan Carlos"]
[Black "Arroyo Rodriguez, Jesus"]
[Result "0-1"]
[WhiteElo "2228"]
[BlackElo "2099"]
[Annotator "TA"]
[EventDate "2018.08.19"]
[PlyCount "50"]
[EventType "team-tourn"]
[EventCountry "ESP"]

1. d4 Nf6 2. c4 c5 3. d5 b5 4. cxb5 a6 5. b6 g6 6. Nc3 Bg7 7. Nf3 O-O 8. e4
e6 9. Qb3 Bb7 $11 10. Bc4 exd5 11. exd5 Re8+ $146 12. Kf1 d6 $1 13. Bf4 Nh5
14. Be3 Nd7 15. Na4 $1 Qf6 16. h3 Ne5 $1 $17 17. Nxe5 Rxe5 $19 18. Kg1 Rae8
19. Bd2 Nf4 20. Bc3 $2 Qg5 $1 21. g3 $2 Ne2+ 22. Kg2 Re3 23. Bxe2 Bxd5+ 24.
Kf1 Bxb3 25. fxe3 Bxa4 0-1

[Event "ESP-ch Rapid 2018"]
[Site "Linares"]
[Date "2018.08.19"]
[Round "4"]
[White "Alvarez Serrano, Carlos"]
[Black "Camacho Collados, Marcos"]
[Result "1-0"]
[WhiteElo "2225"]
[BlackElo "2393"]
[Annotator "TA"]
[EventDate "2018.08.19"]
[PlyCount "69"]
[EventType "team-tourn"]
[EventCountry "ESP"]

1. d4 Nf6 2. Nf3 b6 3. g3 Bb7 4. Bg2 e6 5. O-O Be7 6. c4 O-O 7. Nc3 Ne4 8.
Qc2 Nxc3 9. Qxc3 d6 10. Qc2 f5 11. b3 Be4 12. Qd2 Nd7 13. Bb2 Qe8 $146 14.
d5 e5 15. Nxe5 dxe5 16. f3 $1 Nf6 17. Bxe5 f4 18. fxe4 $16 Bc5+ 19. Bd4
fxg3 20. hxg3 Qh5 $2 21. Bxc5 $18 bxc5 22. Rf5 Qg4 23. Qf4 Qxe2 24. Rf1 Nd7
25. Bh3 Rfe8 26. Qxc7 Nf6 27. e5 Rac8 28. Rxf6 Qxf1+ 29. Rxf1 Rxc7 30. e6
Rd8 31. Rf2 g6 32. Kf1 Rf8 33. d6 Rc6 34. d7 Rd6 35. e7 1-0

[Event "ESP-ch Rapid 2018"]
[Site "Linares"]
[Date "2018.08.19"]
[Round "4"]
[White "Vinuela Diaz, Saul"]
[Black "Domingo Nunez, Alejandro"]
[Result "0-1"]
[WhiteElo "2216"]
[BlackElo "2373"]
[Annotator "TA"]
[EventDate "2018.08.19"]
[PlyCount "108"]
[EventType "team-tourn"]
[EventCountry "ESP"]

1. Nf3 Nf6 2. c4 g6 3. g3 Bg7 4. Bg2 O-O 5. O-O d6 6. Nc3 c5 7. d4 Nbd7 8.
b3 Rb8 9. Bb2 a6 10. a4 b6 11. Qd2 Ne8 12. d5 Nc7 13. a5 $146 b5 14. cxb5
axb5 15. b4 cxb4 16. Na2 $16 Bxb2 17. Qxb2 Nxd5 $2 18. Nd4 $18 Bb7 19. a6
Ba8 20. Nxb4 $2 Nxb4 $14 21. Bxa8 Rxa8 $11 22. Qxb4 Qb6 $1 23. Qxb5 Qxb5
24. Nxb5 Rfb8 25. Rfb1 Nc5 26. a7 Rb7 27. Kf1 Nd7 28. Ra5 Kf8 29. Kg2 Nc5
30. Nc7 $2 Raxa7 $17 31. Rxa7 Rxa7 32. Nd5 f6 33. Rb8+ Kf7 34. Rh8 Kg7 $1
35. Re8 e6 36. Re7+ Rxe7 $19 37. Nxe7 Kf7 38. Nc6 e5 39. Kf3 d5 40. e3 Ke6
41. Ke2 Kd7 42. Nb4 Kd6 43. Nc2 Na4 44. Kd3 Kc5 45. g4 $2 Nb2+ 46. Kd2 d4
47. f4 $2 Nc4+ 48. Kd3 Nb2+ 49. Kd2 Nc4+ 50. Kd3 Nxe3 51. fxe5 fxe5 52.
Nxe3 dxe3 53. Kxe3 Kd5 54. h3 g5 0-1

[Event "ESP-ch Rapid 2018"]
[Site "Linares"]
[Date "2018.08.19"]
[Round "4"]
[White "Salvador Lopez, Daniel"]
[Black "Fernandez Calzada, Juan A"]
[Result "1-0"]
[WhiteElo "2162"]
[BlackElo "1692"]
[Annotator "TA"]
[EventDate "2018.08.19"]
[PlyCount "89"]
[EventType "team-tourn"]
[EventCountry "ESP"]

1. d4 Nf6 2. Bg5 g6 3. Bxf6 exf6 4. e3 Bg7 5. g3 O-O 6. Bg2 d6 7. Ne2 Re8
8. O-O Nc6 9. c4 Ne7 10. Nbc3 c6 11. Nf4 $146 Rb8 12. b4 f5 13. Rb1 Bd7 14.
Qb3 Qc7 15. h4 b6 16. b5 c5 17. Ncd5 Nxd5 18. Nxd5 Qd8 19. dxc5 $1 dxc5 20.
Rfd1 Qc8 21. Qa3 $1 $16 Ra8 $2 22. Nxb6 $1 $18 axb6 23. Qxa8 Be6 24. Qxc8
Rxc8 25. Bd5 Bc3 26. Rb3 Ba5 27. Rbd3 Re8 28. Kg2 Kg7 29. Kf3 h6 30. h5 $1
g5 31. Bxe6 Rxe6 32. Rd5 g4+ 33. Ke2 Kf6 34. Rd6 Kg5 35. Rxe6 fxe6 36. Rd8
e5 37. Ra8 Bc3 38. Ra6 Kxh5 39. Rxb6 Kg5 40. Rc6 f4 41. exf4+ exf4 42.
Rxc5+ Kf6 43. gxf4 Bb4 44. Rd5 Kg6 45. b6 1-0

[Event "ESP-ch Rapid 2018"]
[Site "Linares"]
[Date "2018.08.19"]
[Round "4"]
[White "Roldan Marques, Daniel"]
[Black "Guadamuro Torrente, Anabel"]
[Result "0-1"]
[WhiteElo "2161"]
[BlackElo "2145"]
[Annotator "TA"]
[EventDate "2018.08.19"]
[PlyCount "90"]
[EventType "team-tourn"]
[EventCountry "ESP"]

1. d4 d5 2. c4 c6 3. cxd5 cxd5 4. Bf4 Nc6 5. e3 Nf6 6. Nc3 e6 7. Bd3 Bd6 8.
Bxd6 Qxd6 9. f4 a6 10. Nf3 O-O 11. O-O b5 12. a4 $146 b4 13. Na2 a5 14. Nc1
Ba6 15. Nb3 Ne4 16. Bxa6 Rxa6 17. Qd3 Ra7 18. Nfd2 f5 19. Rac1 Ne7 20. Nc5
g5 21. Ndb3 gxf4 22. exf4 Ng6 23. Qe3 Re8 24. Rc2 Rg7 25. Nxa5 Nh4 26. Nab3
Rg4 27. Nd3 Ng6 28. Nbc5 Qb8 29. Na6 Qa7 30. Ndxb4 Rxf4 31. Rfc1 Nf6 32.
Rc8 $2 Qxd4 33. Qxd4 $14 Rxd4 34. b3 Rxc8 $1 $17 35. Rxc8+ Kg7 $1 36. Nc6
$2 Rd2 $2 37. b4 $2 Ne4 $19 38. g3 f4 39. Nd8 Kf6 40. Rc6 Ng5 41. Nc5 f3
42. Kf1 Ne5 43. Rd6 Rxh2 44. Ndxe6 Rh1+ 45. Kf2 Ng4# 0-1